Personal leading to success at any age , ទោះអាយុប៉ុន្មានក៏អាចដឹកនាំជីវីតផ្ទាល់ខ្លួនឳ្យជោគជ័យបានដែរ (Record no. 25677)
[ view plain ]
| 000 -LEADER | |
|---|---|
| fixed length control field | 00535nam a22001217a 4500 |
| 040 ## - CATALOGING SOURCE | |
| Transcribing agency | RUA |
| 082 ## - DEWEY DECIMAL CLASSIFICATION NUMBER | |
| Classification number | A102 ប្រាជ្ញ 2014 C160 Or.1 |
| 100 ## - MAIN ENTRY--AUTHOR NAME | |
| Personal name | ប្រាជ្ញ វិជ័យ |
| 245 ## - TITLE STATEMENT | |
| Title | Personal leading to success at any age , ទោះអាយុប៉ុន្មានក៏អាចដឹកនាំជីវីតផ្ទាល់ខ្លួនឳ្យជោគជ័យបានដែរ |
| 260 ## - PUBLICATION, DISTRIBUTION, ETC. (IMPRINT) | |
| Place of publication | PHNOM PENH |
| Name of publisher | RUA |
| Year of publication | 2014 |
| 300 ## - PHYSICAL DESCRIPTION | |
| Number of Pages | 174p. |
| Other physical details | ill. |
| Dimensions | 22cm. |
| 942 ## - ADDED ENTRY ELEMENTS (KOHA) | |
| Koha item type | អភិវឌ្ឍន៍សម្ថភាព |
| 952 ## - LOCATION AND ITEM INFORMATION (KOHA) | |
| Withdrawn status [LOCAL, KOHA] | 0 |
| Permanent Location | Date acquired | Koha item type | Lost status | Shelving location | Barcode | Current Location | Full call number |
|---|---|---|---|---|---|---|---|
| Library Block C | 2026-04-07 | អភិវឌ្ឍន៍សម្ថភាព | C160 | B7121193 | Library Block C | A102 ប្រាជ្ញ 2014 C160 Or.1 |